Izinkan mimpi berulang

Bibliographic Details
Main Author: Zaharah Muhammad
Format: Book
Published: Kuala Lumpur : Kaki Novel Enterprise , 2008
Subjects:

MARC

LEADER 00000cam a2200000 7i4500
001 0000021898
005 20080724.0
008 080724
020 |a 9675067020 
090 0 0 |a ZAH   |b MAL 
100 0 |a Zaharah Muhammad 
245 1 0 |a Izinkan mimpi berulang   |c Zaharah Muhammad 
260 |a Kuala Lumpur :   |b Kaki Novel Enterprise ,   |c 2008 
650 0 |a Malay fiction 
650 0 |a Novel 
999 |a 0001035577   |b Book   |c Adult Collection   |e Perbadanan Perpustakaan Awam Johor 
999 |a 0001035578   |b Book   |c Adult Collection   |e Perbadanan Perpustakaan Awam Johor 
999 |a 0001035580   |b Book   |c Adult Collection   |e Perbadanan Perpustakaan Awam Johor 
999 |a 0001035581   |b Book   |c Adult Collection   |e Cawangan Urban Transformation Centre